| 000 | 00344cam a22001217a 4500 | ||
|---|---|---|---|
| 008 | 180718b1961 xxu||||| |||| 00| 0 eng d | ||
| 082 | _aU F779f | ||
| 100 | _aShroff, A.D. | ||
| 245 |
_aFree enterprise in India - a call for leadership _cby A.D. Shroff |
||
| 260 |
_aBombay _bThe Forum _c1961 |
||
| 300 | _a16p. | ||
| 650 | _aGovernment and Business | ||
| 999 |
_c479328 _d479328 |
||